Byznys v Africe: netušené možnosti

Juhoafrická republika - vyspelá krajina s nerastným bohatstvom, avšak nebezpečná a politicky nevyspytateľná. Pre podnikateľov - najvýznamnejšia africká krajina s nevídanými možnosťami. Investičný a obchodný boom v Južnej Afrike. Silné stránky Juhoafrickej republiky. Dôvody vysokej vyspelosti a otvor...

Full description

Saved in:
Bibliographic Details
Main Author: Havlíček, Karel
Format: Book Chapter
Language:Czech
Subjects:
Tags: Add Tag
No Tags, Be the first to tag this record!

MARC

LEADER 00000naa a2200000 4500
001 0157834
005 20231211073531.3
041 0 |a cze 
044 |a CZ 
245 1 0 |a Byznys v Africe: netušené možnosti  |c Karel Havlíček 
520 |a Juhoafrická republika - vyspelá krajina s nerastným bohatstvom, avšak nebezpečná a politicky nevyspytateľná. Pre podnikateľov - najvýznamnejšia africká krajina s nevídanými možnosťami. Investičný a obchodný boom v Južnej Afrike. Silné stránky Juhoafrickej republiky. Dôvody vysokej vyspelosti a otvorenosti regiónu. Nerastné bohatstvo a klíma. Ekonomicko-politická (ne)vyváženosť. Problém kriminality. Izolovanosť krajiny. 
610 2 0 |a podnikanie v zahraničí 
610 2 0 |a situácia hospodárska 
610 2 0 |a suroviny nerastné 
610 2 0 |a podnebie 
610 2 0 |a obyvateľstvo 
610 2 0 |a investície zahraničné 
610 2 0 |a politika 
610 2 0 |a moc politická 
610 2 0 |a kriminalita 
610 2 0 |a chudoba 
610 2 0 |a Juhoafrická republika 
100 1 |a Havlíček, Karel